00694nam a2200193 i 450000100060000000300090000600500170001500700030003200800410003510000230007624501090009926000300020830000300023870000300026870000310029885200320032999900170036195201220037877438ES-MaACL20230906173217.0t|041008s1968 sp ||||1| spa d1 aHammond, P.96168610aElectromagnetismo / cpor P. Hammond ; traducido por V. Sales Cabanes ; revisado por R. Ausejo García. aBilbao : bUrmo, c[1968] a221 p. : bil. ; c22 cm.1 aSales Cabanes, V.91018791 aAusejo García, R.923946 aES-MaACLjC-35228 bR.68121 c77438d77438 00104070aATENEOMbATENEOMcDEPO2d2008-01-17eSCl0oC-35228p1081020r2023-02-23 00:00:00w2023-02-23yMONOGRAFIA